| 000 | 00815nam a22002297a 4500 | ||
|---|---|---|---|
| 003 | OSt | ||
| 005 | 20221027170226.0 | ||
| 008 | 221027b |||||||| |||| 00| 0 eng d | ||
| 040 | _cBiblioteca Lado V | ||
| 082 |
_2700.74 _aD593b |
||
| 100 |
_9216 _aDiop, Sylviane _ecoordinador |
||
| 245 | _a6eme Biennale de l'Art Africain Contemporain/ | ||
| 260 |
_aAfrica _bDak' Art _c2004 |
||
| 300 |
_a179p. _c27x22cm |
||
| 650 |
_2Tesauro de Arte & Arquitectura _aBIENAL |
||
| 650 |
_2Tesauro de Arte & Arquitectura _aARTE CONTEMPORANERO |
||
| 650 |
_2Tesauro de Arte & Arquitectura _aPINTURA |
||
| 650 |
_2Tesauro de Arte & Arquitectura _aICONOGRAFIA |
||
| 651 |
_2Tesauro de Arte & Arquitectura _aAFRICA |
||
| 700 |
_aEspinoza Calle, Mercedes _edocumentacion |
||
| 942 |
_2ddc _c1 _h700.74 _iD593b _n0 |
||
| 999 |
_c2375 _d2375 |
||